[Event "Sousse Go Makkah op"]
[Site "Sousse"]
[Date "2019.09.06"]
[Round "5"]
[White "Alrehaili, Ahmed Abdullah S"]
[Black "Kohlweyer, Bernd"]
[Result "1/2-1/2"]
[WhiteElo "1827"]
[BlackElo "2319"]
[PlyCount "48"]
[EventDate "2019.09.02"]
[EventType "swiss"]
[EventRounds "9"]
[EventCountry "TUN"]
[SourceTitle "EXT 2020"]
[Source "ChessBase"]
[SourceDate "2019.10.17"]
[SourceVersion "1"]
[SourceVersionDate "2019.10.17"]
[SourceQuality "1"]

1. e4 c6 2. d4 d5 3. Nc3 g6 4. Be3 Bg7 5. Qd2 Nf6 6. e5 Ng4 7. Bf4 f6 8. exf6 Nxf6 9. 0-0-0 0-0 10. h3 b5 11. f3 Nbd7 12. g4 Ne8 13. Bg5 Nd6 14. Re1 Rf7 15. h4 Qf8 16. h5 gxh5 17. Rxh5 Nf6 18. Rh1 b4 19. Na4 Nfe4 20. Bd3 Nxd2 21. Bxh7+ Kh8 22. Bg6+ Kg8 23. Bh7+ Kh8 24. Bg6+ Kg8 1/2-1/2

[Event "Bundesliga 1819"]
[Site "Germany"]
[Date "2019.04.07"]
[Round "15.6"]
[White "Vallejo Pons, Francisco"]
[Black "Kohlweyer, Bernd"]
[Result "1-0"]
[WhiteElo "2694"]
[BlackElo "2342"]
[PlyCount "73"]
[EventDate "2018.11.10"]
[EventType "team-tourn"]
[EventRounds "15"]
[EventCountry "GER"]
[SourceTitle "CBM 189 Extra"]
[Source "ChessBase"]
[SourceDate "2019.05.31"]
[SourceVersion "1"]
[SourceVersionDate "2019.05.31"]
[SourceQuality "1"]
[WhiteTeam "Baden-Baden"]
[BlackTeam "Duesseldorf"]
[WhiteTeamCountry "GER"]
[BlackTeamCountry "GER"]

1. e4 c5 2. Nf3 d6 3. d4 cxd4 4. Qxd4 Bd7 5. c4 Nf6 6. Nc3 g6 7. Be2 Bg7 8. h3 0-0 9. 0-0 Bc6 10. Qe3 Nbd7 11. Nd4 a5 12. Rd1 Qb8 13. b3 Re8 14. Ba3 h5 15. Bf1 Kh7 16. Re1 Bh6 17. Qe2 Qa7 18. Rad1 Qb6 19. g3 Nc5 20. Nxc6 bxc6 21. e5 dxe5 22. Qxe5 Nfd7 23. Na4 Nxe5 24. Nxb6 Nf3+ 25. Kh1 Nxe1 26. Bxc5 Rad8 27. Rxe1 Rd2 28. Bg2 e6 29. Bxc6 Red8 30. a3 Bf8 31. Bxf8 Rxf8 32. Kg2 Rb8 33. c5 Rc2 34. Ba4 Rd8 35. Nc4 Kg7 36. c6 Kf8 37. Rd1 1-0

[Event "Bundesliga 1819"]
[Site "Germany"]
[Date "2018.12.15"]
[Round "5.6"]
[White "Libiszewski, Fabien"]
[Black "Kohlweyer, Bernd"]
[Result "1-0"]
[WhiteElo "2480"]
[BlackElo "2342"]
[PlyCount "61"]
[EventDate "2018.11.10"]
[EventType "team-tourn"]
[EventRounds "15"]
[EventCountry "GER"]
[SourceTitle "CBM 187 Extra"]
[Source "ChessBase"]
[SourceDate "2018.11.04"]
[SourceVersion "1"]
[SourceVersionDate "2018.11.04"]
[SourceQuality "1"]
[WhiteTeam "Viernheim"]
[BlackTeam "Duesseldorf"]
[WhiteTeamCountry "GER"]
[BlackTeamCountry "GER"]

1. e4 c5 2. Nc3 Nc6 3. Nf3 g6 4. Bb5 Nd4 5. Bc4 Bg7 6. Nxd4 cxd4 7. Qf3 Nf6 8. Nb5 d5 9. exd5 0-0 10. Nxd4 e5 11. Ne2 b5 12. Bxb5 Nxd5 13. Bc6 Nb4 14. Be4 Bf5 15. Bxf5 gxf5 16. Qxf5 e4 17. Qxe4 Rb8 18. 0-0 Re8 19. Qf3 Nxc2 20. Rb1 Qa5 21. Nc3 Nd4 22. Qd1 Ne6 23. d4 Bxd4 24. Bh6 Qf5 25. Ne2 Bxb2 26. Ng3 Qg6 27. Be3 Rbd8 28. Qa4 Bd4 29. Rb4 Qf6 30. Bxd4 Rxd4 31. Qxe8+ 1-0

[Event "NRW Class2 1819"]
[Site "Germany"]
[Date "2018.11.18"]
[Round "3.3"]
[White "Koehler, Christian Friedrich"]
[Black "Kohlweyer, Bernd"]
[Result "1/2-1/2"]
[WhiteElo "2244"]
[BlackElo "2296"]
[PlyCount "187"]
[EventDate "2018.09.16"]
[EventType "team-tourn"]
[EventRounds "9"]
[EventCountry "GER"]
[SourceTitle "EXT 2022"]
[Source "ChessBase"]
[SourceDate "2021.10.06"]
[SourceVersion "1"]
[SourceVersionDate "2021.10.06"]
[SourceQuality "1"]
[WhiteTeam "Godesberg"]
[BlackTeam "Duesseldorf II"]
[WhiteTeamCountry "GER"]
[BlackTeamCountry "GER"]

1. d4 Nf6 2. Nf3 e6 3. e3 c5 4. Bd3 b6 5. b3 Bb7 6. Bb2 g6 7. Nbd2 Bg7 8. dxc5 bxc5 9. Ne4 0-0 10. Nxf6+ Bxf6 11. Bxf6 Qxf6 12. 0-0 Bxf3 13. gxf3 Nc6 14. f4 d5 15. Qd2 Rfd8 16. c3 e5 17. fxe5 Nxe5 18. f4 Nc4 19. Qe2 Nd6 20. Rac1 Re8 21. Qf3 Rad8 22. c4 dxc4 23. Bxc4 Nxc4 24. Rxc4 Rd3 25. Re4 Qc6 26. Re7 Qb5 27. Qb7 Qxb7 28. Rxb7 Rexe3 29. Rxa7 Re2 30. Rf2 Rdd2 31. Rxe2 Rxe2 32. a4 Rb2 33. Rc7 Rxb3 34. Rxc5 Rb4 35. f5 Rxa4 36. fxg6 hxg6 37. Kg2 Kg7 38. Rc7 Kf6 39. Kf3 Rd4 40. Kg3 Ke6 41. h3 f6 42. Ra7 g5 43. Ra6+ Ke5 44. Ra5+ Rd5 45. Ra8 Rd3+ 46. Kg4 Ke6 47. Ra6+ Kf7 48. Ra8 Rd4+ 49. Kg3 f5 50. Ra6 Rd3+ 51. Kg2 Re3 52. Rb6 Re6 53. Rb8 Kf6 54. Rf8+ Ke5 55. Kf3 Ra6 56. Re8+ Kf6 57. Rf8+ Ke6 58. Rg8 Ra3+ 59. Kg2 Kf6 60. Re8 Rb3 61. Re2 f4 62. Ra2 Rg3+ 63. Kh2 Rd3 64. Kg2 Re3 65. Ra6+ Kf5 66. Ra5+ Kg6 67. Ra6+ Kh5 68. Ra8 Re2+ 69. Kf3 Re3+ 70. Kg2 Kg6 71. Ra6+ Kf5 72. Ra5+ Re5 73. Ra2 Rd5 74. Rc2 Rd3 75. Rc5+ Ke4 76. Rxg5 Rd2+ 77. Kg1 Kf3 78. Rg8 Rd1+ 79. Kh2 Kf2 80. Rf8 f3 81. h4 Ke2 82. Re8+ Kf1 83. Kg3 f2 84. Rf8 Rd3+ 85. Kg4 Kg2 86. Rxf2+ Kxf2 87. h5 Ke3 88. h6 Ke4 89. h7 Rd1 90. Kg5 Rh1 91. Kg6 Ke5 92. Kg7 Ke6 93. h8Q Rxh8 94. Kxh8 1/2-1/2

[Event "Monastir op"]
[Site "Monastir"]
[Date "2018.09.08"]
[Round "9"]
[White "Kohlweyer, Bernd"]
[Black "Nagy, Gabor"]
[Result "1/2-1/2"]
[WhiteElo "2331"]
[BlackElo "2459"]
[PlyCount "124"]
[EventDate "2018.09.02"]
[EventType "swiss"]
[EventRounds "9"]
[EventCountry "TUN"]
[SourceTitle "EXT 2019"]
[Source "ChessBase"]
[SourceDate "2018.10.10"]
[SourceVersion "1"]
[SourceVersionDate "2018.10.10"]
[SourceQuality "1"]

1. e4 c5 2. Nf3 d6 3. d4 cxd4 4. Nxd4 Nf6 5. Nc3 a6 6. h3 b5 7. g4 Bb7 8. Bg2 g6 9. a4 b4 10. Nd5 e5 11. Nxf6+ Qxf6 12. Nb3 a5 13. 0-0 h5 14. g5 Qd8 15. f4 Qb6+ 16. Kh1 exf4 17. Bxf4 Be7 18. Qd4 Qxd4 19. Nxd4 0-0 20. Nb5 Nd7 21. Bxd6 Bxd6 22. Nxd6 Bc6 23. b3 Ne5 24. Rad1 Ra7 25. Nb5 Re7 26. Rf6 Rc8 27. Rd2 h4 28. Rfd6 Kg7 29. Rd8 Rxd8 30. Rxd8 f6 31. gxf6+ Kxf6 32. Rd6+ Re6 33. Rd8 Bd7 34. Rf8+ Ke7 35. Rf2 Rc6 36. Rd2 Rc5 37. Nd4 Rc3 38. Ne2 Re3 39. Nf4 Be6 40. Re2 Rg3 41. Nd5+ Kd6 42. Rd2 Kc5 43. Nf4 Bf7 44. Ne2 Re3 45. Kg1 Rxh3 46. Bxh3 Nf3+ 47. Kf2 Nxd2 48. Ke3 Nb1 49. e5 Nc3 50. Nxc3 bxc3 51. e6 Be8 52. Kd3 Kd6 53. Kxc3 Bc6 54. Kd4 g5 55. Bg4 Bg2 56. Ke3 h3 57. Bf3 Bxf3 58. Kxf3 g4+ 59. Kg3 Kxe6 60. c3 Kd5 61. b4 axb4 62. cxb4 Kc4 1/2-1/2

[Event "Monastir op"]
[Site "Monastir"]
[Date "2018.09.03"]
[Round "3"]
[White "Alharari, Mohammed Alsouri"]
[Black "Kohlweyer, Bernd"]
[Result "1/2-1/2"]
[WhiteElo "2038"]
[BlackElo "2331"]
[PlyCount "57"]
[EventDate "2018.09.02"]
[EventType "swiss"]
[EventRounds "9"]
[EventCountry "TUN"]
[SourceTitle "EXT 2019"]
[Source "ChessBase"]
[SourceDate "2018.10.10"]
[SourceVersion "1"]
[SourceVersionDate "2018.10.10"]
[SourceQuality "1"]

1. d4 Nf6 2. Nf3 e6 3. Bf4 c5 4. e3 Qb6 5. Qc1 Nc6 6. c3 Nh5 7. Bg5 h6 8. Bh4 g5 9. Bg3 Nxg3 10. hxg3 Bg7 11. Na3 d5 12. Nb5 Ke7 13. Qd2 a6 14. dxc5 Qxc5 15. Nbd4 Bd7 16. Be2 f5 17. Nb3 Qb6 18. Rd1 Rad8 19. Qc2 Bf6 20. Rd2 h5 21. Nfd4 g4 22. Nxc6+ Qxc6 23. Nd4 Qc7 24. Bd3 h4 25. gxh4 Bxh4 26. Ke2 Bf6 27. g3 Be5 28. c4 dxc4 29. Bxc4 1/2-1/2

[Event "BL2-West 1718"]
[Site "Germany"]
[Date "2017.10.22"]
[Round "2.4"]
[White "Schlecht, Daniel"]
[Black "Kohlweyer, Bernd"]
[Result "1/2-1/2"]
[WhiteElo "2378"]
[BlackElo "2334"]
[PlyCount "31"]
[EventDate "2017.10.08"]
[EventType "team-tourn"]
[EventRounds "9"]
[EventCountry "GER"]
[SourceTitle "CBM 183 Extra"]
[Source "ChessBase"]
[SourceDate "2018.04.19"]
[SourceVersion "1"]
[SourceVersionDate "2018.04.19"]
[SourceQuality "1"]
[WhiteTeam "Solingen"]
[BlackTeam "Duesseldorf"]
[WhiteTeamCountry "GER"]
[BlackTeamCountry "GER"]

1. d4 g6 2. c4 Bg7 3. Nf3 c5 4. d5 d6 5. e4 e6 6. Bd3 Ne7 7. 0-0 h6 8. Re1 0-0 9. h3 a6 10. Nc3 Nd7 11. Be3 exd5 12. exd5 Nf6 13. Qd2 Bf5 14. Bf1 g5 15. g4 Bh7 16. Nh2 1/2-1/2

[Event "Llucmajor op 6th"]
[Site "Llucmajor"]
[Date "2017.05.17"]
[Round "5"]
[White "Kohlweyer, Bernd"]
[Black "Romanishin, Oleg M"]
[Result "1/2-1/2"]
[WhiteElo "2340"]
[BlackElo "2454"]
[PlyCount "52"]
[EventDate "2017.05.14"]
[EventType "swiss"]
[EventRounds "9"]
[EventCountry "ESP"]
[SourceTitle "CBM 178 Extra"]
[Source "ChessBase"]
[SourceDate "2017.06.22"]
[SourceVersion "1"]
[SourceVersionDate "2017.06.22"]
[SourceQuality "1"]

1. d4 Nf6 2. c4 e6 3. Nf3 b6 4. Nc3 Bb7 5. a3 Ne4 6. Nxe4 Bxe4 7. e3 d6 8. Bd3 Bxd3 9. Qxd3 Nd7 10. 0-0 a5 11. e4 Be7 12. Bf4 a4 13. Rad1 0-0 14. e5 dxe5 15. dxe5 Nc5 16. Qxd8 Rfxd8 17. Nd4 Kf8 18. Nc6 Rxd1 19. Rxd1 Ke8 20. Bd2 Kd7 21. Nxe7 Kxe7 22. Bb4 Ke8 23. Kf1 Nb3 24. Ke2 Na5 25. Bxa5 Rxa5 26. f4 f6 1/2-1/2

[Event "BL2-West 1617"]
[Site "Germany"]
[Date "2017.02.05"]
[Round "5.2"]
[White "Kohlweyer, Bernd"]
[Black "Pijpers, Arthur"]
[Result "1-0"]
[WhiteElo "2326"]
[BlackElo "2444"]
[PlyCount "95"]
[EventDate "2016.10.16"]
[EventType "team-tourn"]
[EventRounds "9"]
[EventCountry "GER"]
[SourceTitle "EXT 2018"]
[Source "ChessBase"]
[SourceDate "2017.10.13"]
[SourceVersion "1"]
[SourceVersionDate "2017.10.13"]
[SourceQuality "1"]
[WhiteTeam "Duesseldorf"]
[BlackTeam "Katernberg"]
[WhiteTeamCountry "GER"]
[BlackTeamCountry "GER"]

1. d4 d5 2. c4 c6 3. Nf3 Nf6 4. e3 e6 5. b3 Nbd7 6. Bb2 Ne4 7. Bd3 f5 8. 0-0 Bd6 9. Qc1 0-0 10. Ba3 Qf6 11. Bxd6 Nxd6 12. Nc3 Ne4 13. Ne2 g5 14. Qb2 Qg7 15. Rac1 g4 16. Nd2 Ndf6 17. Nf4 Bd7 18. Bxe4 fxe4 19. Qa3 Ne8 20. Rfd1 Rf5 21. Nf1 Qf8 22. Qb2 Nd6 23. Qd2 a5 24. Ng3 Rg5 25. Qb2 a4 26. Qc3 b5 27. Qb4 axb3 28. axb3 bxc4 29. bxc4 dxc4 30. Ra1 Rb5 31. Qd2 Rxa1 32. Rxa1 Qb8 33. Qd1 Kf7 34. Rc1 Rg5 35. h4 gxh3 36. Nxh3 Rb5 37. Kh2 Ke7 38. Qg4 Kd8 39. Qf4 Rb2 40. Ng5 Nf5 41. Qxb8+ Rxb8 42. N3xe4 Rb4 43. Nxh7 Kc7 44. Nhg5 Bc8 45. Nf7 Kb6 46. g4 Ne7 47. Ne5 Ba6 48. Kg3 1-0

[Event "La Palma Island op"]
[Site "Santa Cruz de La Palma"]
[Date "2016.08.31"]
[Round "6"]
[White "Starostits, Ilmars"]
[Black "Kohlweyer, Bernd"]
[Result "1-0"]
[WhiteElo "2444"]
[BlackElo "2335"]
[PlyCount "65"]
[EventDate "2016.08.27"]
[EventType "swiss"]
[EventRounds "9"]
[EventCountry "ESP"]
[SourceTitle "CBM 174 Extra"]
[Source "ChessBase"]
[SourceDate "2016.10.10"]
[SourceVersion "1"]
[SourceVersionDate "2016.10.10"]
[SourceQuality "1"]

1. Nf3 Nf6 2. d4 e6 3. e3 b6 4. Bd3 Bb7 5. Nbd2 c5 6. 0-0 Nc6 7. c3 Qc7 8. a3 d5 9. b4 c4 10. Bc2 Bd6 11. a4 a6 12. Qe2 Ne7 13. h3 h6 14. e4 dxe4 15. Nxe4 Nxe4 16. Bxe4 Bxe4 17. Qxe4 Nd5 18. Re1 0-0 19. Bd2 Rae8 20. Ne5 f5 21. Qh4 Rf6 22. b5 Bxe5 23. Rxe5 Ra8 24. Rae1 Qd7 25. g4 axb5 26. axb5 Ra2 27. g5 Rg6 28. Bc1 hxg5 29. Qh5 Qf7 30. Kh1 Rxf2 31. Bxg5 Qb7 32. R1e4 Rxg5 33. Qe8+ 1-0

[Event "San Sebastian Gros op 26th"]
[Site "San Sebastian"]
[Date "2016.06.30"]
[Round "8"]
[White "Teske, Henrik"]
[Black "Kohlweyer, Bernd"]
[Result "1/2-1/2"]
[WhiteElo "2483"]
[BlackElo "2375"]
[PlyCount "74"]
[EventDate "2016.06.24"]
[EventType "swiss"]
[EventRounds "9"]
[EventCountry "ESP"]
[SourceTitle "EXT 2017"]
[Source "ChessBase"]
[SourceDate "2016.10.25"]
[SourceVersion "1"]
[SourceVersionDate "2016.10.25"]
[SourceQuality "1"]

1. e4 c5 2. Nf3 d6 3. Nc3 Nf6 4. d4 cxd4 5. Nxd4 Nc6 6. Bg5 e6 7. Qd2 Be7 8. 0-0-0 0-0 9. f4 h6 10. Bxf6 Bxf6 11. Nb3 e5 12. g3 Bg4 13. Re1 a5 14. a4 Nb4 15. Kb1 exf4 16. gxf4 Rc8 17. Rg1 Be6 18. Bb5 Kh8 19. Nd4 Rc5 20. Rd1 Qe7 21. Rg3 Rh5 22. Qe2 Rh4 23. Nxe6 Qxe6 24. Bc4 Qe7 25. Rf1 Bxc3 26. Rxc3 d5 27. Bd3 Nxd3 28. cxd3 dxe4 29. dxe4 Rd8 30. Rc4 Qd6 31. e5 Rxh2 32. Qxh2 Qd3+ 33. Qc2 Qxf1+ 34. Ka2 Qf3 35. b3 Qe3 36. Rc8 Rxc8 37. Qxc8+ Kh7 1/2-1/2

[Event "Zalakaros op 35th"]
[Site "Zalakaros"]
[Date "2016.05.29"]
[Round "3"]
[White "Laliena Solanes, Luis M"]
[Black "Kohlweyer, Bernd"]
[Result "1/2-1/2"]
[WhiteElo "2205"]
[BlackElo "2373"]
[PlyCount "50"]
[EventDate "2016.05.27"]
[EventType "swiss"]
[EventRounds "9"]
[EventCountry "HUN"]
[SourceTitle "CBM 172 Extra"]
[Source "ChessBase"]
[SourceDate "2016.06.21"]
[SourceVersion "1"]
[SourceVersionDate "2016.06.21"]
[SourceQuality "1"]

1. e4 c5 2. Nf3 e6 3. Nc3 Nc6 4. Bb5 Nge7 5. 0-0 Nd4 6. Nxd4 cxd4 7. Ne2 a6 8. Bd3 Nc6 9. c3 Bc5 10. Qc2 Ba7 11. b3 b5 12. Bb2 dxc3 13. dxc3 Bb7 14. Rad1 Qe7 15. Kh1 Ne5 16. Nd4 0-0 17. Qe2 Bxd4 18. cxd4 Nxd3 19. Rxd3 f5 20. exf5 Rxf5 21. Re3 Rc8 22. Re5 Qf7 23. f3 Qg6 24. Rxf5 Qxf5 25. Rc1 Rxc1+ 1/2-1/2

[Event "Zalakaros op 35th"]
[Site "Zalakaros"]
[Date "2016.05.27"]
[Round "1"]
[White "Perunovic, Milos"]
[Black "Kohlweyer, Bernd"]
[Result "1/2-1/2"]
[WhiteElo "2639"]
[BlackElo "2373"]
[PlyCount "49"]
[EventDate "2016.05.27"]
[EventType "swiss"]
[EventRounds "9"]
[EventCountry "HUN"]
[SourceTitle "CBM 172 Extra"]
[Source "ChessBase"]
[SourceDate "2016.06.21"]
[SourceVersion "1"]
[SourceVersionDate "2016.06.21"]
[SourceQuality "1"]

1. e4 c5 2. Nf3 d6 3. d4 cxd4 4. Nxd4 Nf6 5. Nc3 a6 6. Bg5 e6 7. f4 Qc7 8. Bxf6 gxf6 9. Qd2 b5 10. 0-0-0 Nd7 11. Be2 h5 12. Kb1 Nb6 13. Bf3 Bd7 14. h4 Rc8 15. Nce2 Nc4 16. Qd3 b4 17. Ng3 Qc5 18. Nb3 Qb5 19. Qe2 a5 20. Nxh5 Ke7 21. Nd4 Qc5 22. Ng3 Bh6 23. Nh5 Bf8 24. Ng3 Bh6 25. Nh5 1/2-1/2

[Event "Las Palmas Montalvo Memorial 9th"]
[Site "Las Palmas"]
[Date "2016.03.23"]
[Round "3"]
[White "Kohlweyer, Bernd"]
[Black "Ramirez Medina, Victor"]
[Result "1/2-1/2"]
[WhiteElo "2390"]
[BlackElo "2140"]
[PlyCount "39"]
[EventDate "2016.03.21"]
[EventType "swiss"]
[EventRounds "9"]
[EventCountry "ESP"]
[SourceTitle "CBM 171 Extra"]
[Source "ChessBase"]
[SourceDate "2016.04.26"]
[SourceVersion "1"]
[SourceVersionDate "2016.04.26"]
[SourceQuality "1"]

1. d4 d5 2. c4 c6 3. Bf4 Nf6 4. e3 e6 5. Nc3 b6 6. Nf3 Nbd7 7. Be2 Be7 8. Rc1 Bb7 9. cxd5 cxd5 10. h3 0-0 11. 0-0 a6 12. Ne5 Re8 13. Qb3 b5 14. Rfd1 a5 15. Bf3 Nb6 16. Qc2 g6 17. Nd3 Nbd7 18. Ne5 Nb6 19. Nd3 Nbd7 20. Ne5 1/2-1/2

[Event "Las Palmas Montalvo Memorial 9th"]
[Site "Las Palmas"]
[Date "2016.03.22"]
[Round "2"]
[White "Manchon Santana, Alberto"]
[Black "Kohlweyer, Bernd"]
[Result "0-1"]
[WhiteElo "1889"]
[BlackElo "2390"]
[PlyCount "60"]
[EventDate "2016.03.21"]
[EventType "swiss"]
[EventRounds "9"]
[EventCountry "ESP"]
[SourceTitle "CBM 171 Extra"]
[Source "ChessBase"]
[SourceDate "2016.04.26"]
[SourceVersion "1"]
[SourceVersionDate "2016.04.26"]
[SourceQuality "1"]

1. d4 Nf6 2. c4 e6 3. Nc3 Bb4 4. e3 0-0 5. Nge2 c6 6. a3 Ba5 7. b4 Bc7 8. e4 d5 9. Bg5 h6 10. Bxf6 Qxf6 11. e5 Qe7 12. Ng3 f6 13. f4 fxe5 14. fxe5 a5 15. Rb1 axb4 16. axb4 Qh4 17. Bd3 Ra3 18. Qd2 dxc4 19. Bg6 Nd7 20. Rf1 Qxh2 21. Qe3 Qh4 22. Kd2 Bb6 23. Nge4 Qg4 24. Rxf8+ Nxf8 25. Be8 Qxg2+ 26. Kc1 Bd7 27. Bh5 Bd8 28. Bf3 Bg5 29. Nxg5 Qxg5 30. Qxg5 Rxc3+ 0-1

[Event "Gibraltar Masters 14th"]
[Site "Caleta"]
[Date "2016.02.04"]
[Round "10"]
[White "Kohlweyer, Bernd"]
[Black "Hill, Alistair"]
[Result "1-0"]
[WhiteElo "2404"]
[BlackElo "2167"]
[PlyCount "97"]
[EventDate "2016.01.26"]
[EventType "swiss"]
[EventRounds "10"]
[EventCountry "GGB"]
[SourceTitle "CBM 171"]
[Source "ChessBase"]
[SourceDate "2016.03.14"]
[SourceVersion "2"]
[SourceVersionDate "2016.03.14"]
[SourceQuality "1"]

1. d4 Nf6 2. c4 g6 3. Nc3 d5 4. Bg5 Ne4 5. Bh4 Nxc3 6. bxc3 dxc4 7. e3 Be6 8. Be2 Bg7 9. Nh3 Bxh3 10. gxh3 0-0 11. Bxc4 Qd7 12. Qf3 c5 13. 0-0 Nc6 14. Rab1 e6 15. Rfd1 cxd4 16. cxd4 Rac8 17. Bf1 a6 18. Bg3 Rfd8 19. h4 Na5 20. h5 Qd5 21. Qxd5 Rxd5 22. hxg6 hxg6 23. Bg2 Rd7 24. Rdc1 Rxc1+ 25. Rxc1 e5 26. dxe5 Rd2 27. e6 fxe6 28. Bh3 Nc6 29. Bxe6+ Kf8 30. Bb3 Ke7 31. Rc5 Bf6 32. h4 Kd7 33. Kf1 b6 34. Rd5+ Rxd5 35. Bxd5 Nb4 36. Bb3 b5 37. Ke2 a5 38. a4 Kc6 39. e4 Na6 40. e5 Bg7 41. axb5+ Kxb5 42. Bf7 a4 43. f4 a3 44. Be1 Bh6 45. Kf3 Bf8 46. Bxg6 Bb4 47. Bxb4 Nxb4 48. Bf7 Kc5 49. Ke4 1-0

[Event "Gibraltar Masters 14th"]
[Site "Caleta"]
[Date "2016.01.29"]
[Round "4"]
[White "Kohlweyer, Bernd"]
[Black "Nebolsina, Vera"]
[Result "1-0"]
[WhiteElo "2404"]
[BlackElo "2208"]
[PlyCount "79"]
[EventDate "2016.01.26"]
[EventType "swiss"]
[EventRounds "10"]
[EventCountry "GGB"]
[SourceTitle "CBM 171"]
[Source "ChessBase"]
[SourceDate "2016.03.14"]
[SourceVersion "2"]
[SourceVersionDate "2016.03.14"]
[SourceQuality "1"]

1. d4 d5 2. c4 c6 3. Bf4 Nf6 4. e3 g6 5. Nc3 Bg7 6. Qb3 0-0 7. Nf3 dxc4 8. Bxc4 b5 9. Bd3 a5 10. 0-0 a4 11. Qc2 Na6 12. a3 Bb7 13. Qe2 Nc7 14. Rac1 Ne6 15. Be5 Bh6 16. Rfd1 Nd5 17. Be4 Ba6 18. Qe1 Qd7 19. Bg3 f6 20. Bb1 Rfc8 21. Ba2 Kh8 22. Rc2 Ng7 23. h3 Nf5 24. Bh2 Nxc3 25. Rxc3 Nd6 26. Ne5 Qe8 27. Nd3 Rd8 28. Nb4 Bb7 29. Rdc1 Ne4 30. R3c2 e5 31. Nxc6 exd4 32. Nxd8 Rxd8 33. exd4 Bxc1 34. Rxc1 Qd7 35. Rd1 Qf5 36. f3 Ng5 37. Qe7 Nxf3+ 38. Kh1 Nxh2 39. Qxd8+ Kg7 40. Qc7+ 1-0

[Event "Gibraltar Masters 14th"]
[Site "Caleta"]
[Date "2016.01.26"]
[Round "1"]
[White "Lochte, Szilvia"]
[Black "Kohlweyer, Bernd"]
[Result "0-1"]
[WhiteElo "1913"]
[BlackElo "2404"]
[PlyCount "100"]
[EventDate "2016.01.26"]
[EventType "swiss"]
[EventRounds "10"]
[EventCountry "GGB"]
[SourceTitle "CBM 171"]
[Source "ChessBase"]
[SourceDate "2016.03.14"]
[SourceVersion "2"]
[SourceVersionDate "2016.03.14"]
[SourceQuality "1"]

1. d4 Nf6 2. Nf3 e6 3. Bf4 c5 4. e3 Qb6 5. Qc1 Nc6 6. c3 d5 7. Nbd2 Bd7 8. Bd3 Rc8 9. Qb1 Be7 10. h3 h6 11. 0-0 0-0 12. Ne5 Rfd8 13. Ndf3 Be8 14. Nxc6 bxc6 15. b3 cxd4 16. cxd4 Ba3 17. Qe1 a5 18. Qe2 Ra8 19. Ne5 Rdc8 20. Rfd1 c5 21. dxc5 Bxc5 22. Ng4 Nxg4 23. Qxg4 Kf8 24. Be5 f6 25. Bb2 a4 26. Rab1 axb3 27. axb3 h5 28. Qf3 Bf7 29. Qe2 e5 30. Bf5 Rc7 31. Bc2 Be7 32. Ra1 Rac8 33. Rdc1 Rc6 34. Bd1 Rxc1 35. Rxc1 Rxc1 36. Bxc1 Bc5 37. Qc2 g6 38. Qd3 Kg7 39. Bc2 Qa5 40. Kh2 e4 41. Qd1 Qc7+ 42. Kg1 Qe5 43. Qe1 h4 44. Kh1 Bd6 45. Qg1 Qc3 46. Qd1 Bb4 47. Kg1 g5 48. f3 Bh5 49. Qe2 exf3 50. gxf3 Bxf3 0-1

[Event "Llucmajor op 4th"]
[Site "Llucmajor"]
[Date "2015.05.15"]
[Round "7"]
[White "Kohlweyer, Bernd"]
[Black "Kveinys, Aloyzas"]
[Result "1-0"]
[WhiteElo "2396"]
[BlackElo "2487"]
[PlyCount "63"]
[EventDate "2015.05.10"]
[EventType "swiss"]
[EventRounds "9"]
[EventCountry "ESP"]
[SourceTitle "CBM 166 Extra"]
[Source "ChessBase"]
[SourceDate "2015.06.18"]
[SourceVersion "1"]
[SourceVersionDate "2015.06.18"]
[SourceQuality "1"]

1. d4 Nf6 2. c4 e6 3. g3 Bb4+ 4. Bd2 a5 5. Bg2 d6 6. e4 e5 7. Ne2 0-0 8. 0-0 Re8 9. Qc2 Na6 10. Bc3 c6 11. a3 Bxc3 12. Nbxc3 exd4 13. Nxd4 Nc5 14. b3 Qb6 15. Rfd1 Bg4 16. Rd2 Nfd7 17. Rb1 Ne5 18. h3 Be6 19. f4 a4 20. bxa4 Qa7 21. fxe5 dxe5 22. Nxe6 Nxe4+ 23. Kh2 Nxd2 24. Qxd2 Rxe6 25. Qd7 Qe3 26. Rf1 Rf8 27. Rxf7 Rxf7 28. Qc8+ Rf8 29. Qxe6+ Kh8 30. Qe7 Kg8 31. Ne4 h6 32. Qxb7 1-0